Normal view
MARC view
Entry Personal Name
001 - CONTROL NUMBER
- control field: 40770
003 - CONTROL NUMBER IDENTIFIER
- control field: dpl
005 - DATE AND TIME OF LATEST TRANSACTION
- control field: 20120204111440.0
008 - FIXED-LENGTH DATA ELEMENTS
- fixed length control field: 120204|||a|||||| | ||| d
040 ## - CATALOGING SOURCE
- Original cataloging agency: dpl
- Transcribing agency: dpl
100 ## - HEADING--PERSONAL NAME
- Personal name: श्रीकृष्ण
670 ## - SOURCE DATA FOUND
- Source citation: Work cat.: (dpl): श्रीकृष्ण, अजब तेरी दुनिया/, 2001
670 ## - SOURCE DATA FOUND
- Source citation: Work cat.: (dpl): श्रीकृष्ण, अजब तेरी दुनिया/, 2001
